Studies about the Sanskrit Buddhist literature / (Record no. 52793)

MARC details
000 -LEADER
fixed length control field 01014cam a2200253 a 4500
001 - CONTROL NUMBER
control field sa 59056629
003 - CONTROL NUMBER IDENTIFIER
control field DLC
005 - DATE AND TIME OF LATEST TRANSACTION
control field 20260227111912.0
008 - FIXED-LENGTH DATA ELEMENTS--GENERAL INFORMATION
fixed length control field 040803s1919 pl b 000 0 eng
010 ## - LIBRARY OF CONGRESS CONTROL NUMBER
LC control number sa 59056629
035 ## - SYSTEM CONTROL NUMBER
System control number (OCoLC)ocm22333091
040 ## - CATALOGING SOURCE
Original cataloging agency DLC
Transcribing agency DLC
041 0# - LANGUAGE CODE
Language code of text/sound track or separate title eng
-- san
050 00 - LIBRARY OF CONGRESS CALL NUMBER
Classification number PJ25
Item number .P6 nr. 2
Classification number PK2903
100 1# - MAIN ENTRY--PERSONAL NAME
Personal name Gawroński, Andrzej,
Dates associated with a name 1885-1927.
245 10 - TITLE STATEMENT
Title Studies about the Sanskrit Buddhist literature /
Statement of responsibility, etc. Andrzej Gawroński.
260 ## - PUBLICATION, DISTRIBUTION, ETC.
Place of publication, distribution, etc. W Krakowie :
Name of publisher, distributor, etc. Nakładem Akademji Umiejętności,
Date of publication, distribution, etc. 1919.
300 ## - PHYSICAL DESCRIPTION
Extent 80 p. ;
Dimensions 24 cm.
490 1# - SERIES STATEMENT
Series statement Prace Komisji Orjentalistycznej Polskiej Akademji Umiejętności =
-- Mémoires de la Commission orientale de l'Académie polonaise des sciences et des lettres ;
Volume/sequential designation nr 2
546 ## - LANGUAGE NOTE
Language note Inlcudes passages in Sanskrit.
504 ## - BIBLIOGRAPHY, ETC. NOTE
Bibliography, etc. note Includes bibliographical references.
650 #0 - SUBJECT ADDED ENTRY--TOPICAL TERM
Topical term or geographic name entry element Sanskrit literature
General subdivision History and criticism.
830 #0 - SERIES ADDED ENTRY--UNIFORM TITLE
Uniform title Prace Komisji Orjentalistycznej Polskiej Akademji Umiejętności w Krakowie ;
Volume/sequential designation nr 2.

No items available.

Powered by Koha